000 00325nam a22001337a 4500
008 171030b xxu||||| |||| 00| 0 eng d
020 _a9788587133243
041 _aeng
080 _a336
100 _a56
101 _aFIN
245 _aCONHECIMENTOS FINANCIEROS INDISPENSAVEIS A UM EXECUTIVO
_cDIAS.M
942 _2udc
_cBK
999 _c36301
_d36301